00547nam a2200145 i 4500001000700000003000900007005001700016008004100033100002600074245005900100260007900159300003000238651003400268852009900302156362ES-MaACL20230906210407.0931025s1888 sp |||| | spa d1 aJimeno Agius, José.10aComercio Exterior de España / cpor J. Jimeno Agius. aMadrid : b[s.n.], c1888 (fEst. Tip. El Correo, a cargo de F. Fernandez) a108 p. : bil. ; c24 cm. 4aEspaña-xComercio exterior. aES-MaACLjT-539-F-3 z-- Enc. hol., conservando la cub. original z-- Enc. en un vol. facticio